000 03255nkm0a2200553 4500
001 RU\NLR\BIBL_A\011597491
005 20260408160102.0
035 _a(NLR Aleph) 011597491
071 5 0 _d8 к.
_925000
090 _a13537871
_c13537871
100 _a20180118d1932 u y0rusy50 ca
101 0 _arus
102 _aRU
116 _adiybxx zz ae
135 _acrcn 024anaba
200 1 _aНа переправе
_bИзоматериал
_eпочтовая карточка
_fред.: Ефремов
210 _a[Москва]
_cИзогиз
_d[1932?]
_gМеццо-тинто 1-й Обр. тип. Огиза
215 _a1 л. (4 изобр.)
_cглуб. печ.
_d14,4х10,2
225 1 _aСерия "Красноармеец"
_v№ 16
300 _aНа адрес. стороне изд. марка: "ОГИЗ"
300 _aВ вып. дан.: Зак. 2068 ; Изогиз 3319
300 _aЦенз. разрешение: Уполн. Главлита Б-15969
325 1 _aКопия доступна в электронной библиотеке РНБ
540 1 _aКрасноармеец
601 0 2 _aРабоче-Крестьянская Красная армия
_c1918 - 1946
_jОткрытки
_92559341
_3RU\NLR\AUTH\661514024
606 1 _aПочтовые открытки маркированные художественные
_yСССР
_z1917 - 1941
_92195712
_3RU\NLR\AUTH\6601555037
606 1 _aФотографические открытки
_92151039
_3RU\NLR\AUTH\661600135
606 _aПереправы (воен.) через реки
_jОткрытки
_3RU\NLR\AUTH\66193212
_91247490
610 1 _aКрасноармейцы
610 1 _aЛошади
610 1 _aВсадники
686 0 _aЩ153(2)7-489
712 0 2 _4650
_aГосударственное издательство изобразительного искусства
_3RU\NLR\AUTH\8810147764
_9790003
712 0 2 _4610
_aОбразцовая типография им. А. А. Жданова
_c1; Москва
_3RU\NLR\AUTH\8810047343
_9594563
830 _aОткрытка датирована по экземпляру РНБ на шифре Э ОВо370/110, инв.203965: на адресной стороне штамп, содержащий год поступления в РНБ: "Г.П.Б. в Лнгр. О.Э. 1932 г. Ц Акт №". А.Я. ОЭст
852 0 0 _aNLR
_bЭ
_jОВо370/110
_mинв.203965
852 0 0 _aNLR
_bЭ
_jОВо370/111
_mинв.203966
856 0 _uhttp://vivaldi.nlr.ru/lo000071622/view
856 1 _uhttp://vivaldi.nlr.ru/lo000071622/cover
856 2 _uhttp://vivaldi.nlr.ru/lo000071622/text
901 _eИзографические материалы
942 _cVISUAL
980 _aNB
981 2 2 _a(22) Материалы по истории России
_b(22) История России с 25 октября (7 ноября) 1917 года
981 1 7 _a(17) Изографические материалы
_b(17) Открытки